LEADER 00886nam a22002057i 4500 001 991001342379707536 008 110728s1972 it 000 0 ita d 035 $ab1399945x-39ule_inst 040 $aDip.to Matematica$beng 100 1 $aCesarini, F.$0339632 245 10$aCAIB - Un sistema portabile per l'istruzione assistita dal calcolatore /$cF. Cesarini, G. Soda 260 $aPavia :$bLaboratorio di analisi numerica del C.N.R.,$c1972 700 1 $aSoda, G. 710 2 $aConsiglio nazionale delle ricerche :$bLaboratorio di analisi numerica 907 $a.b1399945x$b29-07-11$c28-07-11 912 $a991001342379707536 945 $aLE013$g1$iLE013A-4476$lle013$o-$pE0.00$q-$rl$s- $t0$u0$v0$w0$x0$y.i15307128$z28-07-11 996 $aCAIB - Un sistema portabile per l'istruzione assistita dal calcolatore$9248602 997 $aUNISALENTO 998 $ale013$b28-07-11$cm$da $e-$fita$git $h0$i0